00527nam a2200193 a 4500001001300000003000900013005001700022008004100039020001000080082001500090100002200105245005500127260004400182300000900226500003500235505002400270650001700294700002200311nice12345678IN_TiNIC20260116011759.0050524s1956 luca grp 000 0 eng  ac10000a275.4bHOL aHollister, John N aCentenary of the Methodist Church in Southern Asia aLucknowbLucknow Publishing Housec1956 a414p aincludes index and biblioraphy2 aBibliography, Index aChurch-India1 aHollister, John N